| 000 | 00556cam a22002054a 4500 | ||
|---|---|---|---|
| 005 | 20250605164250.0 | ||
| 008 | 250528s ||||||||||||||||||||||||d | ||
| 035 | _a21714 | ||
| 020 | _a9789604606207 | ||
| 040 |
_aGR-AtMCL _bgre _dGR-AtMCL _eAACR2 |
||
| 245 | 1 | _aΦΥΣΙΚΗ Γ ΛΥΚΕΙΟΥ ΤΕΥΧΟΣ Α | |
| 250 | _a1 | ||
| 260 |
_bΣαββαλας, _c2001 |
||
| 300 | _a334 | ||
| 700 | 1 |
_aΣαββαλας Αγγελος Κ _97645 |
|
| 700 | 1 |
_aΣαββαλας Σπυρος Κ _97646 |
|
| 942 | _cBK | ||
| 999 |
_c6774 _d6774 |
||